000 01767nam a2200301Ia 4500
999 _c54425
_d54425
001 21481
003 GE_BSU
005 20211122160514.0
008 181216s2014||||ge |||||||||||||| ||geo||
020 _a9789941455049
040 _cGE_BSU
041 _ageo
080 _a336(479.22) ხ-52
100 _aხიდაშელი, მირზა
_913002
245 _aსაქართველოს საფინანსო სისტემის პერსპექტივები პოსტკრიზისული გამოწვევების ფონზე :
_b[მონოგრაფია] /
_cმირზა ხიდაშელი ; რედაქტორი გოჩა თუთბერიძე.
264 _aქუთაისი :
_bაკაკი წერეთლის სახელმწ. უნ-ტის გამ-ბა,
_c2014.
300 _a150 გვ. :
_bცხრ. ;
_c20 სმ.
504 _aბიბლიოგრაფია გვ. : 142-148
541 _h5ლ.
653 _aეკონომიკა
653 _aსაქართველოს საფინანსო სისტემა
653 _aსაქართველოს საფონდო ბირჟა
653 _aსაქართველოს საფინანსო სისტემის პერსპექტივები პოსტკრიზისული გამოწვევების ფონზე
653 _aსაერთაშორისო ფინანსური კრიზისი
653 _aფინანსები
700 _aთუთბერიძე, გოჩა
_eრედაქტორი
_91688
942 _cBK
_2udc